Množstvový zber komunálnych odpadov
Saved in:
| Main Author: | |
|---|---|
| Other Authors: | , |
| Format: | Book Chapter |
| Language: | Slovak |
| Subjects: | |
| Tags: |
No Tags, Be the first to tag this record!
|
MARC
| LEADER | 00000naa$a2200000$$$4500 | ||
|---|---|---|---|
| 001 | 0243692 | ||
| 005 | 20240502073939.8 | ||
| 041 | 0 | |a slo | |
| 044 | |a SK | ||
| 245 | 1 | 0 | |a Množstvový zber komunálnych odpadov |c Michal Stričík, Monika Bačová, Monika Čonková |
| 500 | |a Abstrakt | ||
| 610 | 2 | 0 | |a odpad komunálny |
| 610 | 2 | 0 | |a hospodárstvo odpadové |
| 610 | 2 | 0 | |a zber separovaný |
| 610 | 2 | 0 | |a obce |
| 100 | 1 | |a Stričík, Michal, 1969- | |
| 700 | 1 | |a Bačová, Monika | |
| 700 | 1 | |a Čonková, Monika, 1976- | |